000 00319nam a22001337a 4500
020 _a034911529X
082 _a303.482
100 _a Legrain, Philippe
245 _aOpen world : the truth about globalization
260 _aLondon :
_bAbacus,
_c2003.
300 _a374 cm.
_b20 cm.
500 _aPaperback.
942 _cBK
999 _c34086
_d34086